| 000 | 01372nam a2200457 i 4500 | ||
|---|---|---|---|
| 001 | 34385 | ||
| 003 | KOSZ 005 | ||
| 005 | 20220103131843.0 | ||
| 008 | 001127s1998 pl e |001 0 pol | ||
| 015 | _aUWD 2000/22122 | ||
| 020 | _a8387988006 | ||
| 035 | _a991015220139705066 | ||
| 035 | _a(PL-WaBN)b14087996-48omnis_nlop | ||
| 035 | _ab14087996 | ||
| 035 | _a(OCoLC)69543127 | ||
| 035 | _azz2003855341 | ||
| 035 | _a(PL)b0000001408799 | ||
| 035 | _a(EXLNZ-48OMNIS_NETWORK)9910018167105606 | ||
| 040 |
_aWA N _cWA N _dKOSZ 005/HR |
||
| 041 | 0 | _apol | |
| 046 | _k1998 | ||
| 080 | _a33 | ||
| 080 | _a(03) | ||
| 100 | 1 |
_aOrłowski, Tadeusz _c(ekonomia) _eAutor |
|
| 245 | 1 | 0 |
_aNowy leksykon ekonomiczny / _cTadeusz Orłowski. |
| 260 |
_aWarszawa : _b"Graf-Punkt", _c1998. |
||
| 300 |
_a382, [1] s. ; _c24 cm. |
||
| 336 |
_aTekst _btxt _2rdacontent |
||
| 337 |
_aBez urządzenia pośredniczącego _bn _2rdamedia |
||
| 338 |
_aWolumin _bnc _2rdacarrier |
||
| 380 | _aKsiążki | ||
| 388 | _a1901-2000 | ||
| 388 | _a1989-2000 | ||
| 504 | _aBibliogr. - Indeks. | ||
| 650 | 7 |
_aNauki ekonomiczne _2DBN |
|
| 655 | 7 |
_aEncyklopedia _2DBN |
|
| 658 | _aGospodarka, ekonomia, finanse | ||
| 856 |
_uhttp://koha.tu.koszalin.pl/cgi-bin/koha/opac-detail.pl?biblionumber=34385 _yKatalog online BPK |
||
| 942 |
_2UKD _cKS |
||
| 999 |
_c34385 _d34385 |
||